000 00837nam a22002297a 4500
005 20230512221236.0
008 180207t xxu||||| |||| 00| 0 eng d
020 _a9789715426770
082 0 _a372.83
_bY901b
100 _aYu, Rosario Torres-,
_eauthor.
245 0 0 _aBalgen :
_bedukasyong pangkapayapaan at panitikang pambata /
_cRosario Torres-Yu
260 _aQuezon City :
_bThe University of the Philippines Press
_c2011.
300 _axxv, 194 pages :
_c23 cm.
500 _aIncludes Index.
650 1 0 _aPeace
_xStudy and teaching.
650 1 0 _a Children and peace
_xJuvenile liteature.
650 1 0 _aPeace in literature.
650 1 0 _aChildren's literature, Philippine
_xHistory and criticism.
942 _cBOOK
_jFIL 372.83 Y901b 2011
999 _c1643
_d1643